el-Müellifûne'l-osmâniyyûn = (Record no. 73018)
| 000 -BAŞLIK | |
|---|---|
| Sabit Uzunluktaki Kontrol Alanı | 01626nam a22004097a 4500 |
| 001 - KONTROL NUMARASI | |
| Control Dosyası | 0072264 |
| 003 - KONTROL NUMARASI KİMLİĞİ | |
| Kontrol Alanı | KOHA_MİRAKIL |
| 005 - EN SON İŞLEM TARİHİ ve ZAMANI | |
| Kontrol Alanı | 20260207005047.0 |
| 007 - FİZİKSEL TANIM SABİT ALAN - GENEL BİLGİ | |
| Sabit uzunluklu kontrol alanı | ta |
| 008 - SABİT UZUNLUKTAKİ VERİ ÖGELERİ - GENEL BİLGİ | |
| Sabit Alan | 241113b2023 tu |||gr||||#0|||1|ota | |
| 020 ## - ISBN - ULUSLARARASI STANDART KİTAP NUMARASI | |
| Isbn | 9786258352528 |
| Nitelik bilgileri | (Tk) |
| 020 ## - ISBN - ULUSLARARASI STANDART KİTAP NUMARASI | |
| Isbn | 9786258352535 |
| Nitelik bilgileri | (c.1) |
| 020 ## - ISBN - ULUSLARARASI STANDART KİTAP NUMARASI | |
| Isbn | 9786258352542 |
| Nitelik bilgileri | (c.2) |
| 020 ## - ISBN - ULUSLARARASI STANDART KİTAP NUMARASI | |
| Isbn | 9786258352559 |
| Nitelik bilgileri | (c.3) |
| 040 ## - KATALOGLAMA KAYNAĞI | |
| Özgün Kataloglama Kurumu | TR-BiSEU |
| Kataloglama Dili | tur |
| Çeviri Kurumu | TR-BiSEU |
| Açıklama Kuralları | rda |
| 041 0# - DİL KODU | |
| Metin ya da ses kaydının dil kodu | ota |
| 044 ## - YAYINLAYAN/ÜRETEN KURULUŞUN ÜLKE KODU | |
| ISO country code | tu |
| 050 ## - SINIFLAMA ve YER NUMARASI | |
| Sınıflama Numarası | PL213 |
| Yer Numarası | .M44 2023 |
| 100 0# - KİŞİ ADI | |
| Yazar Adı (Kişi adı) | Bursalı Mehmed Tahir. |
| 240 10 - TEK BİÇİM BAŞLIK | |
| Tekbiçim Başlık | <a href="Osmanlı Müellifleri">Osmanlı Müellifleri</a> |
| Language of a work | Osmanlıca |
| 245 13 - ESER ADI BİLDİRİMİ | |
| Başlık | el-Müellifûne'l-osmâniyyûn = |
| Alt Eseradı vb. | المؤلفون العثمانيون = |
| -- | Osmanlı Müellifleri/ |
| Sorumluluk Bildirimi | Bursalı Mehmed Tahir ; Bursalı Mehmed Tahir; hazırlayan M. A. Yekta Saraç. |
| 264 #1 - ÜRERİM, YAYIN, DAĞITIM ve TELİF BİLDİRİMİ | |
| Yayın yeri | Ankara : |
| Yayınlayan | Türkiye Bilimler Akademisi |
| Yayın tarihi | 2023 |
| 300 ## - FİZİKSEL TANIMLAMA | |
| Sayfa, Cilt vb. | ciltli; 24 cm. |
| 336 ## - İÇERİK TÜRÜ | |
| Content type term | metin |
| Content type code | txt |
| Source | rdacontent |
| 337 ## - MEDYA TÜRÜ | |
| Media type term | aracısız |
| Media type code | n |
| Source | rdamedia |
| 338 ## - TAŞIYICI TÜRÜ | |
| Carrier type term | cilt |
| Carrier type code | nc |
| Source | rdacarrier |
| 490 1# - DİZİ BİLDİRİMİ | |
| Dizi Bildirimi | Türkish Islamic Science and Culture Heritage Series ; |
| Cilt Numarası | 1A |
| 650 #0 - KONU BAŞLIĞI EK GİRİŞ - KONU TERİMİ | |
| Konusal terim veya coğrafi ad | Türkiye--Tarih--Osmanlı İmparatorluğu. |
| 9 (RLIN) | 13629 |
| 650 #0 - KONU BAŞLIĞI EK GİRİŞ - KONU TERİMİ | |
| Konusal terim veya coğrafi ad | Osmanlı Devleti--Biyografya. |
| 9 (RLIN) | 143788 |
| 650 #0 - KONU BAŞLIĞI EK GİRİŞ - KONU TERİMİ | |
| Konusal terim veya coğrafi ad | Türkiye--Biyografya. |
| 9 (RLIN) | 143789 |
| 650 #0 - KONU BAŞLIĞI EK GİRİŞ - KONU TERİMİ | |
| Konusal terim veya coğrafi ad | Yazar--Osmanlı--Müellif. |
| 9 (RLIN) | 143790 |
| 650 #0 - KONU BAŞLIĞI EK GİRİŞ - KONU TERİMİ | |
| Konusal terim veya coğrafi ad | Türk Bilim ve Kültür Mirasları Serisi. |
| 9 (RLIN) | 143791 |
| 650 #0 - KONU BAŞLIĞI EK GİRİŞ - KONU TERİMİ | |
| Konusal terim veya coğrafi ad | Turkey--History--Ottoman Empire.Ottoman Empire--Biography.Turkey--Biography.Author--Ottoman--Author.Turkish Scientific and Cultural Heritage Series. |
| 9 (RLIN) | 143792 |
| 830 1# - SERİ EK GİRİŞİ - TEKBİÇİM ESER ADI | |
| Tekbiçim Başlık | Türkish Islamic Science and Culture Heritage Series ; |
| Volume number/sequential designation | 1A |
| 9 (RLIN) | 143793 |
| 907 ## - LOCAL DATA ELEMENT G, LDG (RLIN) | |
| a | Biyografi |
| 942 ## - EK GİRİŞ ÖGELERİ (KOHA) | |
| Source of classification or shelving scheme | Library of Congress Classification |
| Koha item type | Book |
| Materyal Türü | Kalıcı Konum | Mevcut Konum | Raf Yeri | Sınıflandırma Kaynağı | Edinim Bilgisi | Ana Konular | Alt Konular | Yer Numarası | Cilt Bilgisi | Demirbaş Numarası | Fatura Tarihi | Geri Çekilme Durumu | Kayıp Durumu | Hasarlı Durumu | Kredi için değil | Kayıt Tarih | Toplam Ödünçverme | Son Görülme Tarihi | Son Kontrol Tarihi | Genel / Bağış Notu |
|---|---|---|---|---|---|---|---|---|---|---|---|---|---|---|---|---|---|---|---|---|
| Book | Prof. Dr. Azmi Özcan Kütüphanesi | Prof. Dr. Azmi Özcan Kütüphanesi | Birûni Salonu | Library of Congress Classification | Bağış | DİL VE EDEBİYAT | Doğu Asya, Afrika, Okyanusya Dilleri ve Edebiyatları | PL213 .M44 2023 | c.1 | 0072264 | 02/02/2026 | 13/11/2024 | 17/03/2025 | 17/03/2025 | Genel Bağış | |||||
| Book | Prof. Dr. Azmi Özcan Kütüphanesi | Prof. Dr. Azmi Özcan Kütüphanesi | Birûni Salonu | Library of Congress Classification | Bağış | DİL VE EDEBİYAT | Doğu Asya, Afrika, Okyanusya Dilleri ve Edebiyatları | PL213 .M44 2023 | c.2 | 0072265 | 02/02/2026 | 13/11/2024 | 13/05/2025 | 13/05/2025 | Genel Bağış | |||||
| Book | Prof. Dr. Azmi Özcan Kütüphanesi | Prof. Dr. Azmi Özcan Kütüphanesi | Birûni Salonu | Library of Congress Classification | Bağış | DİL VE EDEBİYAT | Doğu Asya, Afrika, Okyanusya Dilleri ve Edebiyatları | PL213 .M44 2023 | c.3 | 0072266 | 02/02/2026 | 13/11/2024 | 17/03/2025 | 17/03/2025 | Genel Bağış |
